Malý synonymický slovník

Uložené v:
Podrobná bibliografia
Hlavný autor: Pisárčiková, Mária
Ďalší autori: Michalus, Štefan
Médium: Kniha
Jazyk:Slovak
Vydavateľské údaje: Bratislava Slov. ped. nakl. 1988
Vydanie:5. vyd.
Tagy: Pridať tag
Žiadne tagy, Buďte prvý, kto otaguje tento záznam!

MARC

LEADER 00000nam a2200000 4500
001 c033989
005 20221219091747.5
041 0 |a slo 
044 |a SK 
245 1 0 |a Malý synonymický slovník  |c Mária Pisárčiková, Štefan Michalus 
250 |a 5. vyd. 
264 1 |a Bratislava  |b Slov. ped. nakl.  |c 1988 
300 |a 252 s. 
100 1 |a Pisárčiková, Mária 
700 1 |a Michalus, Štefan